02710cam a2200577 i 4500001001200000003000600012005001700018008004100035020004800076035002200124035002300146040008400169045001700253046000900270100004400279245023000323246010100553260011000654300002500764336002700789337005400816338002800870380001600898380002300914388001000937490002500947490012500972504004601097610003201143648001901175648001901194648001901213650002901232650003401261650002901295650001301324650003601337650004401373650005501417650005501472650005001527650007101577650007401648651001601722655002001738658001301758658002801771710012701799830011201926830009402038xx004853788NUKAT20260429122036.0200505s2020 pl |001 0 pol c a9788380988354q(oprawa twarda) :czł 45,00 a(OCoLC)1413755658 a(NUKAT)xx004853788 aKR 253/MHbpolerdacKR 253/MHdKAT U/MBsdPOZN U/EMsdWA 14/ABsdOLSZT 008/bak2 bd1944bd1967 k20201 aNoszczak, Bartłomiejd(1976- ).eAutor10aAntymilenium :bkonflikt państwa z Kościołem na tle obchodów tysiąclecia chrztu Polski (1956-1966/1967) /cBartłomiej Noszczak ; Instytut Pamięci Narodowej. Komisja Ścigania Zbrodni przeciwko Narodowi Polskiemu.30aKonflikt państwa z Kościołem na tle obchodów tysiąclecia chrztu Polski (1956-1966/1967) aWarszawa :bInstytut Pamięci Narodowej. Komisja Ścigania Zbrodni przeciwko Narodowi Polskiemu,c2020. a504 strony ;c25 cm. aTekstbtxt2rdacontent aBez urządzenia pośredniczącegobn2rdamedia aWoluminbnc2rdacarrier aKsiążki aPublikacje naukowe1 a2001-1 aMonografie ;vt. 1501 aCentralny Projekt Badawczy IPN Władze Komunistyczne wobec Kościołów i Związków Wyznaniowych w Polsce 1944-1989 aBibliografia na stronach 479-492. Indeks.27aKościół katolicki2DBN 7a1901-20002DBN 7a1939-19452DBN 7a1945-19892DBN 7aKonflikt społeczny2DBN 7aKościół a państwo2DBN 7aPolityka wyznaniowa2DBN 7aPRL2DBN 7aPrześladowania religijne2DBN 7aTysiąclecie chrztu Polski (1966)2DBN 7aTysiąclecie Państwa Polskiego (1960-1966)2DBN 7aKościół i państwozPolskay1945-1970.2kaba 7aTysiąclecie chrztu Polski (966-1966).2kaba 7aKościół i państwoxKościół katolickiy1945-1970.2kaba 7aOrędzie biskupów polskich do biskupów niemieckich (1965).2kaba 7aPolska2DBN 7aMonografia2DBN aHistoria aReligia i duchowość2 aInstytut Pamięci Narodowej - Komisja Ścigania Zbrodni przeciwko Narodowi Polskiemu.eInstytucja sprawczaeWydawca4pbl 0aMonografie - Instytut Pamięci Narodowej - Komisja Ścigania Zbrodni przeciwko Narodowi Polskiemuvt. 150 0aWładze Komunistyczne wobec Kościołów i Związków Wyznaniowych w Polsce 1944-1989